001860000a220007300045001000020000002450042000203000037000627730013000991 aBradshaw, Bruce10aFostering change to restore a culture aNúm 57 (1998), Páginas 17-180 tTogether